Politik- und Geschichte-Quiz 2 - Statistiken

Allgemein
  • Dieses Quiz wurde 449 mal gespielt
  • Das Durchschnittsergebnis liegt bei 5 aus 15
Antwortstatistiken
Beschreibung Begriff/Name/Ort % Korrekt
Fachbegriff für Völkermord Genozid
75%
Bezeichnung dafür, wenn in Staaten ein gewaltsamer Umsturz erfolgt Putsch
70%
heute Wolgograd genannt, war im 2. WK Schauplatz des Deutsch-Sowjetischen Kriegs Stalingrad
56%
Phase, in der das Wirtschaftswachstum abnimmt Rezession
51%
ehemaliger deutscher Verteidigungsminister, dessen Doktortitel im Zuge einer Plagiatsaffäre aberkannt wurde Karl-Theodor zu Guttenberg
48%
literarisches Werk von Karl Marx, in welchem sich dieser kritisch mit dem Kapitalismus auseinandersetzt Das Kapital
43%
UN-Organisation für Bildung, Wissenschaft und Kultur UNESCO
38%
extremer Eingriff in die Freiheitsrechte der Bürger, der das Verlassen des Wohngebäudes aus nicht unerlässlichen Gründen unter Strafe stellt Ausgangssperre
24%
Stadt, in der während des Jugoslawienkriegs mehr als 8.000 Menschen, fast ausschließlich Jungen und Männer, massakriert wurden Srebrenica
20%
Überbegriff für Gewaltakte von kriminellen Organisationen oder Staaten, die gegen die Zivilbevölkerung gerichtet sind Terrorismus
16%
Instrument der Direkten Demokratie, Sammeln von Unterschriften für ein politisches Anliegen mit dem Ziel, dass dieses im Parlament behandelt wird Volksbegehren
16%
2013 gegründete, neonazistische Kleinpartei Deutschlands Der Dritte Weg
15%
gezielte, ideologisch basierende Manipulation Indoktrination
5%
Straftatbestand hinsichtlich Verherrlichung des NS-Regimes bzw. Versenden einschlägiger Symbole Wiederbetätigung
4%
Bezeichnung für Geheimgefängnisse des US-Auslandsgeheimdienstes CIA, u.a. auch in Europa Black Sites
2%
Keine übereinstimmenden Quizze gefunden
Verteilung der Resultate
Anzahl Personen mit jedem Resultat
Perzentil nach korrekt beantworteten Fragen
Ihre Resultats-Entwicklung
Sie haben dieses Quiz noch nicht gespielt